[Event "37th ECC Open 2022"]
[Site "Mayrhofen AUT"]
[Date "2022.10.08"]
[Round "6.2"]
[Board "5"]
[White "Movsesian, Sergei"]
[Black "Huzman, Alexander"]
[Result "1-0"]
[WhiteTitle "GM"]
[BlackTitle "GM"]
[WhiteElo "2619"]
[BlackElo "2535"]
[WhiteTeam "Asnieres Le Grand Echiquier"]
[BlackTeam "Beer Sheva Chess Club"]
[WhiteFideId "310204"]
[BlackFideId "2803828"]
[EventDate "2022.10.03"]

1. e4 e5 2. Nf3 Nf6 3. Nxe5 d6 4. Nf3 Nxe4 5. d4 d5 6. Bd3 Nc6 7. O-O Be7 8.
Nbd2 Bf5 9. Re1 Nd6 10. Nf1 O-O 11. Bf4 Bxd3 12. Qxd3 Bf6 13. Ne3 Ne7 14. Be5
Ne8 15. h4 c6 16. h5 h6 17. Ng4 Bxe5 18. Rxe5 Qd7 19. Nfh2 f6 20. Qh3 Rd8 21.
Re2 Nd6 22. Rae1 Nef5 23. c3 Rfe8 24. Nf1 Kf8 25. Rxe8+ Rxe8 26. Rxe8+ Qxe8 27.
Nge3 Qc8 28. Qh2 Ke7 29. Qf4 Qe6 30. f3 Nxe3 31. Nxe3 Kd7 32. Kf2 Ke7 33. g4 1-0

[Event "37th ECC Open 2022"]
[Site "Mayrhofen AUT"]
[Date "2022.10.08"]
[Round "6.2"]
[Board "6"]
[White "Kobo, Ori"]
[Black "Cornette, Matthieu"]
[Result "1/2-1/2"]
[WhiteTitle "GM"]
[BlackTitle "GM"]
[WhiteElo "2544"]
[BlackElo "2572"]
[WhiteTeam "Beer Sheva Chess Club"]
[BlackTeam "Asnieres Le Grand Echiquier"]
[WhiteFideId "2812320"]
[BlackFideId "620084"]
[EventDate "2022.10.03"]

1. d4 Nf6 2. c4 e6 3. Nc3 d5 4. Bg5 dxc4 5. e3 c5 6. Bxc4 cxd4 7. exd4 Be7 8.
Nf3 Nc6 9. O-O O-O 10. Re1 a6 11. a4 h6 12. Bh4 Nh5 13. Bxe7 Nxe7 14. Qb3 Nf6
15. Rad1 Qd6 16. Ne5 Rd8 17. a5 Rb8 18. Na4 Ned5 19. Nc5 b6 20. axb6 Rxb6 21.
Qa3 Nb4 22. Qa5 Nfd5 23. h3 Qe7 24. Rc1 Bb7 25. Bxd5 Nxd5 26. Nxb7 Qxb7 27. Nc4
Nf4 28. d5 Rc8 29. Nxb6 Rxc1 30. Rxc1 Ne2+ 31. Kh2 Qb8+ 32. g3 Nxc1 33. dxe6 Qa7
34. Qe1 Nd3 35. Qe3 fxe6 36. Qxd3 Qxb6 37. Qd2 Qc6 1/2-1/2

[Event "37th ECC Open 2022"]
[Site "Mayrhofen AUT"]
[Date "2022.10.08"]
[Round "6.3"]
[Board "1"]
[White "Tabatabaei, M. Amin"]
[Black "Maghsoodloo, Parham"]
[Result "1/2-1/2"]
[WhiteTitle "GM"]
[BlackTitle "GM"]
[WhiteElo "2657"]
[BlackElo "2721"]
[WhiteTeam "FC Bayern München"]
[BlackTeam "Clichy-Echecs-92"]
[WhiteFideId "12521213"]
[BlackFideId "12539929"]
[EventDate "2022.10.03"]

1. e4 c5 2. Nf3 Nc6 3. d4 cxd4 4. Nxd4 Nf6 5. Nc3 d6 6. Bg5 e6 7. Qd2 a6 8.
O-O-O Bd7 9. f4 b5 10. Bxf6 gxf6 11. Kb1 Qb6 12. Nxc6 Bxc6 13. f5 b4 14. Ne2 e5
15. Ng3 h5 16. h4 Bh6 17. Qxd6 Rd8 18. Qxd8+ Qxd8 19. Rxd8+ Kxd8 20. Bxa6 Rg8
21. Rh3 Bf4 22. Nxh5 Rxg2 23. Rh1 Bxe4 24. Bd3 Bxd3 25. cxd3 Be3 26. Nxf6 Bd4
27. b3 Rb2+ 28. Kc1 Rxa2 29. Rh3 Ra1+ 30. Kc2 Ra2+ 31. Kd1 Ra1+ 32. Ke2 Ra2+ 33.
Kf3 Rb2 34. Ke4 Ke7 35. Nd5+ Kd6 36. Nxb4 Rf2 37. Nd5 Re2+ 38. Ne3 Bxe3 39. Rxe3
Rh2 40. Rg3 Rxh4+ 41. Ke3 Rf4 42. Rg8 Rxf5 43. d4 exd4+ 44. Kxd4 Rf4+ 1/2-1/2

[Event "37th ECC Open 2022"]
[Site "Mayrhofen AUT"]
[Date "2022.10.08"]
[Round "6.3"]
[Board "2"]
[White "Van Foreest, Jorden"]
[Black "Huschenbeth, Niclas"]
[Result "1-0"]
[WhiteTitle "GM"]
[BlackTitle "GM"]
[WhiteElo "2694"]
[BlackElo "2593"]
[WhiteTeam "Clichy-Echecs-92"]
[BlackTeam "FC Bayern München"]
[WhiteFideId "1039784"]
[BlackFideId "24604747"]
[EventDate "2022.10.03"]

1. Nf3 d5 2. g3 c5 3. Bg2 Nf6 4. O-O g6 5. d3 Bg7 6. Re1 Nc6 7. Bd2 O-O 8. e4 d4
9. a4 e5 10. Na3 Ne8 11. Kh1 Nd6 12. c3 a6 13. Nc2 Be6 14. Ng5 Bb3 15. Ra3 c4
16. Nf3 Qb6 17. Qb1 dxc3 18. bxc3 Qxf2 19. Ne3 Rad8 20. d4 Nxe4 21. Qxe4 f5 22.
Qb1 exd4 23. Rxb3 dxe3 24. Bxe3 Qxe1+ 25. Nxe1 cxb3 26. Qxb3+ Kh8 27. Nf3 Rd3
28. Bg1 Rxc3 29. Qxb7 Rb8 30. Qxa6 Rc1 31. Bf1 h6 32. Bb5 Nd4 33. Qa7 Rd8 34.
Qe7 Rdc8 35. Ne5 g5 36. Bd3 Rd1 37. Kg2 Rd2+ 38. Bf2 Rb8 39. Bc4 Kh7 40. Qf7 1-0

[Event "37th ECC Open 2022"]
[Site "Mayrhofen AUT"]
[Date "2022.10.08"]
[Round "6.3"]
[Board "3"]
[White "Bogner, Sebastian"]
[Black "Amin, Bassem"]
[Result "0-1"]
[WhiteTitle "GM"]
[BlackTitle "GM"]
[WhiteElo "2548"]
[BlackElo "2667"]
[WhiteTeam "FC Bayern München"]
[BlackTeam "Clichy-Echecs-92"]
[WhiteFideId "4692055"]
[BlackFideId "10601457"]
[EventDate "2022.10.03"]

1. d4 Nf6 2. c4 g6 3. Nc3 Bg7 4. e4 d6 5. Be2 O-O 6. Be3 c5 7. d5 e6 8. Nf3 exd5
9. cxd5 Bg4 10. Nd2 Bxe2 11. Qxe2 Re8 12. O-O a6 13. a4 b6 14. h3 Nbd7 15. Bf4
Nxe4 16. Ndxe4 f5 17. Qc2 fxe4 18. Bxd6 Bxc3 19. Qxc3 Qf6 20. Qg3 Qxb2 21. Bc7
Qf6 22. Rab1 Ra7 23. d6 Rb7 24. Qg4 Qe6 25. Qe2 c4 26. Rfc1 b5 27. Rxc4 Qxc4 28.
Qxc4+ bxc4 29. Rxb7 Kf7 30. Ra7 Re5 31. Kf1 c3 32. Ke2 c2 33. Kd2 Rc5 34. Kc1
Ke6 35. Rxa6 Rc4 36. Ra5 Nc5 37. Rxc5 Rxc5 38. a5 Rc6 39. g4 g5 40. Bd8 h6 41.
Be7 Kf7 42. h4 gxh4 43. Bxh4 Rxd6 44. Kxc2 Rg6 45. Bg3 Rxg4 46. Kd2 h5 47. Ke3
h4 48. Bc7 h3 49. a6 Rg6 50. Kxe4 Rxa6 51. Kf3 Rg6 52. Ke2 Ke6 53. Kf1 Rg2 54.
f3 Kd5 55. Bf4 Kd4 56. Bh6 Rg3 0-1

[Event "37th ECC Open 2022"]
[Site "Mayrhofen AUT"]
[Date "2022.10.08"]
[Round "6.3"]
[Board "4"]
[White "Vocaturo, Daniele"]
[Black "Bischoff, Klaus"]
[Result "1-0"]
[WhiteTitle "GM"]
[BlackTitle "GM"]
[WhiteElo "2615"]
[BlackElo "2486"]
[WhiteTeam "Clichy-Echecs-92"]
[BlackTeam "FC Bayern München"]
[WhiteFideId "813192"]
[BlackFideId "4600045"]
[EventDate "2022.10.03"]

1. e4 e6 2. d4 d5 3. Nd2 Nf6 4. e5 Nfd7 5. c3 c5 6. Bd3 Nc6 7. Ne2 Be7 8. O-O a5
9. Nf3 cxd4 10. cxd4 Nb6 11. a4 Bd7 12. Nf4 g6 13. b3 Nb4 14. Bb1 Nc8 15. g3 b5
16. h4 bxa4 17. bxa4 Qb6 18. Nd3 Na7 19. Bg5 Bxg5 20. hxg5 Nac6 21. Nc5 Kd8 22.
Qd2 Re8 23. Rc1 Re7 24. Ra3 Be8 25. Bd3 Nb8 26. Rac3 Nd7 27. Bb5 Nxc5 28. dxc5
Qb8 29. c6 Kc7 30. Nd4 Qb6 31. Qf4 1-0

[Event "37th ECC Open 2022"]
[Site "Mayrhofen AUT"]
[Date "2022.10.08"]
[Round "6.3"]
[Board "5"]
[White "Zajogin, Alexander"]
[Black "Van Wely, Loek"]
[Result "0-1"]
[BlackTitle "GM"]
[WhiteElo "2409"]
[BlackElo "2629"]
[WhiteTeam "FC Bayern München"]
[BlackTeam "Clichy-Echecs-92"]
[WhiteFideId "13500430"]
[BlackFideId "1000268"]
[EventDate "2022.10.03"]

1. d4 Nf6 2. c4 g6 3. Nc3 d5 4. cxd5 Nxd5 5. e4 Nxc3 6. bxc3 Bg7 7. Nf3 O-O 8.
Ba3 b6 9. Bd3 c5 10. O-O Nd7 11. e5 e6 12. Be4 Rb8 13. Re1 Qc7 14. Qd2 Rd8 15.
Qg5 h6 16. Qh4 g5 17. Nxg5 hxg5 18. Qh7+ Kf8 19. Re3 f5 20. Rg3 fxe4 21. Rxg5
Nxe5 22. dxe5 Rd5 23. f4 Qd7 24. h3 e3 25. Kh2 Qf7 26. Qe4 e2 27. Re1 Bb7 28.
Qe3 Ba6 29. Qe4 Rd1 30. f5 Rxe1 31. f6 Bh6 32. Rg3 Rd8 33. Qh4 Rh1+ 34. Kxh1
e1=Q+ 35. Kh2 Qg6 0-1

[Event "37th ECC Open 2022"]
[Site "Mayrhofen AUT"]
[Date "2022.10.08"]
[Round "6.3"]
[Board "6"]
[White "Tregubov, Pavel V."]
[Black "Rafiee, Makan"]
[Result "1-0"]
[WhiteTitle "GM"]
[BlackTitle "FM"]
[WhiteElo "2548"]
[BlackElo "2316"]
[WhiteTeam "Clichy-Echecs-92"]
[BlackTeam "FC Bayern München"]
[WhiteFideId "4115341"]
[BlackFideId "24609340"]
[EventDate "2022.10.03"]

1. e4 e5 2. Nf3 Nc6 3. Bb5 a6 4. Ba4 Nf6 5. O-O Be7 6. d3 b5 7. Bb3 d6 8. a3 Na5
9. Ba2 Be6 10. b4 Bxa2 11. Rxa2 Nb7 12. c4 c6 13. Nc3 O-O 14. Re1 Qc7 15. Rc2
bxc4 16. dxc4 a5 17. b5 Nc5 18. Bg5 Rfc8 19. Rd2 Ne8 20. Be3 cxb5 21. cxb5 Qb7
22. Qb1 a4 23. Rb2 Bd8 24. Nd5 Nf6 25. Nxf6+ Bxf6 26. Nd2 Bd8 27. Rd1 Ba5 28.
Nc4 Nxe4 29. Nxd6 Nxd6 30. Rxd6 Rd8 31. Rxd8+ Rxd8 32. b6 Bc3 33. Rc2 Qd5 34. h3
Qb3 35. Qc1 Ba5 36. Qb2 Kf8 37. Qxb3 axb3 38. Rb2 Rb8 39. Rxb3 Rb7 40. Rb5 Bc3
41. a4 Bd4 42. a5 Bxe3 43. fxe3 1-0

[Event "37th ECC Open 2022"]
[Site "Mayrhofen AUT"]
[Date "2022.10.08"]
[Round "6.4"]
[Board "3"]
[White "Christiansen, Johan-Sebastian"]
[Black "Ciolek, Andreas"]
[Result "1-0"]
[WhiteTitle "GM"]
[BlackTitle "FM"]
[WhiteElo "2576"]
[BlackElo "2301"]
[WhiteTeam "Offerspill Chess Club"]
[BlackTeam "Schach ohne Grenzen"]
[WhiteFideId "1512668"]
[BlackFideId "12906727"]
[EventDate "2022.10.03"]

1. Nf3 Nf6 2. c4 g6 3. g3 Bg7 4. Bg2 O-O 5. d4 d6 6. Nc3 c5 7. dxc5 dxc5 8. O-O
Nc6 9. Bf4 Nh5 10. Be3 Nd4 11. Qd2 Bg4 12. Rad1 Bxf3 13. exf3 e6 14. f4 Qe7 15.
Bxd4 Bxd4 16. Nb5 Rfd8 17. Qe2 Bf6 18. Rxd8+ Rxd8 19. Nxa7 Ra8 20. Nb5 Rxa2 21.
Rb1 b6 22. Qc2 Ng7 23. Na3 Bxb2 24. Nb5 Qf6 25. Bf1 Qf5 26. Bd3 Qf6 27. Kg2 Qd8
28. Be4 Nf5 29. Rxb2 Ra1 30. Ra2 Rxa2 31. Qxa2 Qd1 32. Bxf5 gxf5 33. Qa8+ Kg7
34. Qc6 Qd3 35. Nd6 Qd4 36. Qd7 1-0

[Event "37th ECC Open 2022"]
[Site "Mayrhofen AUT"]
[Date "2022.10.08"]
[Round "6.4"]
[Board "4"]
[White "Hess, Max"]
[Black "Urkedal, Frode Olav Olsen"]
[Result "1/2-1/2"]
[WhiteTitle "FM"]
[BlackTitle "GM"]
[WhiteElo "2361"]
[BlackElo "2523"]
[WhiteTeam "Schach ohne Grenzen"]
[BlackTeam "Offerspill Chess Club"]
[WhiteFideId "24656666"]
[BlackFideId "1506102"]
[EventDate "2022.10.03"]

1. Nf3 d5 2. g3 g6 3. Bg2 Bg7 4. d4 Nf6 5. O-O O-O 6. c4 c6 7. b3 Bf5 8. Bb2 a5
9. Nc3 Ne4 10. e3 Nd7 11. cxd5 Nxc3 12. Bxc3 cxd5 13. Qe2 Qb6 14. Rfc1 Rfc8 15.
Ne1 Nf6 16. Nd3 Ne4 17. Be1 h5 18. Qd1 Bh6 19. Rxc8+ Rxc8 20. Rc1 Rxc1 21. Qxc1
Qb5 22. Nf4 Bxf4 23. gxf4 Qe2 24. f3 Nd6 25. Qd2 Qxd2 26. Bxd2 b6 27. Bf1 Bb1
28. a3 Ba2 29. b4 a4 30. b5 Bc4 31. Bb4 Nxb5 32. Bxe7 f5 33. Bb4 Kf7 34. Kf2 Ke6
35. Be2 Bxe2 36. Kxe2 Na7 37. Kd3 Nc6 38. Be1 b5 39. Bb4 Kd7 40. h4 Ke6 41. Bc5
Na5 42. Bb4 Nc4 43. Bc5 Na5 44. Bb4 Nb7 45. Kc3 Nd8 46. Bf8 Nc6 47. Bc5 Kd7 48.
Bb4 Kc7 49. Kd3 Nxb4+ 1/2-1/2

[Event "37th ECC Open 2022"]
[Site "Mayrhofen AUT"]
[Date "2022.10.08"]
[Round "6.4"]
[Board "5"]
[White "Haug, Johannes"]
[Black "Kruckenhauser, Arthur"]
[Result "1-0"]
[WhiteTitle "IM"]
[BlackTitle "FM"]
[WhiteElo "2478"]
[BlackElo "2327"]
[WhiteTeam "Offerspill Chess Club"]
[BlackTeam "Schach ohne Grenzen"]
[WhiteFideId "1509268"]
[BlackFideId "1642812"]
[EventDate "2022.10.03"]

1. Nf3 c5 2. e4 d6 3. Bb5+ Bd7 4. Bxd7+ Nxd7 5. O-O Ngf6 6. Re1 e6 7. d4 cxd4 8.
Qxd4 Be7 9. c4 O-O 10. Nc3 a6 11. b3 Rc8 12. h3 Qa5 13. Qd2 Qh5 14. Ba3 Rfd8 15.
Rad1 Ne5 16. Nd4 g5 17. Qe3 Kh8 18. Nce2 Rg8 19. Ng3 Qg6 20. Nf3 Bf8 21. Bxd6
Bxd6 22. Rxd6 Nxf3+ 23. Qxf3 g4 24. hxg4 Nxg4 25. Qc3+ Rg7 26. Nf5 exf5 27. Rxg6
hxg6 28. exf5 1-0

[Event "37th ECC Open 2022"]
[Site "Mayrhofen AUT"]
[Date "2022.10.08"]
[Round "6.4"]
[Board "6"]
[White "Meier, Alexander"]
[Black "Haldorsen, Benjamin"]
[Result "0-1"]
[BlackTitle "IM"]
[WhiteElo "2221"]
[BlackElo "2449"]
[WhiteTeam "Schach ohne Grenzen"]
[BlackTeam "Offerspill Chess Club"]
[WhiteFideId "1617214"]
[BlackFideId "1512633"]
[EventDate "2022.10.03"]

1. e4 c5 2. Nc3 Nc6 3. f4 g6 4. Nf3 Bg7 5. Bb5 Nd4 6. O-O e6 7. e5 a6 8. Bd3
Nxf3+ 9. Qxf3 d5 10. exd6 Qxd6 11. b3 Nf6 12. Bb2 O-O 13. Qe2 Bd7 14. Ne4 Nxe4
15. Bxg7 Ng3 16. hxg3 Kxg7 17. Qe5+ Qxe5 18. fxe5 Bc6 19. Rae1 Rad8 20. Rf2 Rd4
21. Rf4 Rfd8 22. Rxd4 Rxd4 23. Re3 b5 24. c3 Rd7 25. Kf2 Kh6 26. Ke2 Bxg2 27.
Be4 Bxe4 28. Rxe4 g5 29. Ke3 Kg6 30. c4 h5 31. d4 cxd4+ 32. Rxd4 Rxd4 33. Kxd4
bxc4 34. bxc4 f5 35. exf6 Kxf6 36. c5 Ke7 0-1

[Event "37th ECC Open 2022"]
[Site "Mayrhofen AUT"]
[Date "2022.10.08"]
[Round "6.5"]
[Board "1"]
[White "Mamedov, Rauf"]
[Black "Heimann, Andreas"]
[Result "1/2-1/2"]
[WhiteTitle "GM"]
[BlackTitle "GM"]
[WhiteElo "2646"]
[BlackElo "2573"]
[WhiteTeam "Vugar Gashimov"]
[BlackTeam "Schachgesellschaft Riehen"]
[WhiteFideId "13401653"]
[BlackFideId "24624632"]
[EventDate "2022.10.03"]

1. Nf3 d5 2. g3 g6 3. Bg2 Bg7 4. d4 Nf6 5. O-O O-O 6. c3 c6 7. Nbd2 Bf5 8. Nh4
Be6 9. Re1 Nbd7 10. Nhf3 Bg4 11. a4 Re8 12. Qb3 Qc7 13. h3 Bxf3 14. Nxf3 Ne4 15.
c4 e6 16. a5 b5 17. cxb5 Qb7 18. Bf4 cxb5 19. a6 Qb6 20. e3 Rec8 21. Bf1 Nd6 22.
Bxd6 Qxd6 23. Qxb5 Rab8 24. Qe2 Qc6 25. Qd2 Bf8 26. Rec1 Qb6 27. Rxc8 Rxc8 28.
Rc1 Rxc1 29. Qxc1 Kg7 30. Qc8 Nb8 31. h4 Bd6 32. Qe8 Qc6 33. Qd8 Qc7 34. Qxc7
Bxc7 35. Bb5 Kf6 36. g4 h6 37. h5 gxh5 38. gxh5 Ke7 39. Ne5 f6 40. Ng4 f5 41.
Ne5 Bxe5 42. dxe5 Kd8 43. Kf1 Kc7 44. Ke2 Kb6 45. Be8 Nxa6 46. Kd3 Nc7 47. Bd7
Kc5 48. Kc3 Nb5+ 49. Kd3 Nc7 50. Kc3 Nb5+ 51. Kd3 1/2-1/2

[Event "37th ECC Open 2022"]
[Site "Mayrhofen AUT"]
[Date "2022.10.08"]
[Round "6.5"]
[Board "2"]
[White "Brunner, Nicolas"]
[Black "Shevchenko, Kirill"]
[Result "0-1"]
[WhiteTitle "IM"]
[BlackTitle "GM"]
[WhiteElo "2448"]
[BlackElo "2645"]
[WhiteTeam "Schachgesellschaft Riehen"]
[BlackTeam "Vugar Gashimov"]
[WhiteFideId "620246"]
[BlackFideId "14129574"]
[EventDate "2022.10.03"]

1. d4 Nf6 2. c4 g6 3. Nc3 d5 4. Bf4 Bg7 5. e3 c5 6. dxc5 Qa5 7. Rc1 dxc4 8. Bxc4
O-O 9. Ne2 Qxc5 10. Qb3 Qa5 11. O-O Nbd7 12. h3 Nb6 13. Bc7 Bd7 14. Nf4 e6 15.
Bb5 Rfc8 16. Bxd7 Rxc7 17. Bb5 Rac8 18. Rcd1 a6 19. Bd3 Nbd7 20. Nfe2 Ne5 21. a3
Nfd7 22. Qa2 Nxd3 23. Rxd3 Ne5 24. Rdd1 Nc4 25. Rd3 Ne5 26. Rdd1 Nc4 27. Rd3 b5
28. Rfd1 Rc6 29. Rc1 h6 30. Qb3 Be5 31. g3 Bg7 32. Kg2 R6c7 33. e4 h5 34. Kg1
Qb6 35. Rcd1 Bf6 36. Kg2 Qc5 37. Rc1 h4 38. g4 g5 39. Rcd1 Qe5 40. Rd7 Be7 41.
Rxc7 Rxc7 42. Nd4 Bc5 43. Nc2 Bd6 44. Rd3 Qh2+ 45. Kf1 Bg3 46. Nd1 Qxh3+ 47. Ke1
Qh1+ 48. Ke2 Qxe4+ 49. Nce3 Nxe3 50. Nxe3 Bf4 51. f3 Qe5 52. Qb4 Bxe3 0-1

[Event "37th ECC Open 2022"]
[Site "Mayrhofen AUT"]
[Date "2022.10.08"]
[Round "6.5"]
[Board "3"]
[White "Iskandarov, Misratdin"]
[Black "Breder, Dennis"]
[Result "1-0"]
[WhiteTitle "GM"]
[BlackTitle "IM"]
[WhiteElo "2601"]
[BlackElo "2450"]
[WhiteTeam "Vugar Gashimov"]
[BlackTeam "Schachgesellschaft Riehen"]
[WhiteFideId "13400312"]
[BlackFideId "4636945"]
[EventDate "2022.10.03"]

1. e4 c5 2. Nf3 d6 3. d4 cxd4 4. Nxd4 Nf6 5. Nc3 Nc6 6. Bg5 e6 7. Bb5 Bd7 8. Qd3
h6 9. Bh4 g5 10. Bxc6 bxc6 11. Bg3 Rg8 12. O-O-O Nh5 13. Nb3 Nxg3 14. hxg3 Qc7
15. Qe3 Qb6 16. Qe2 g4 17. Nd2 Qc5 18. Nc4 O-O-O 19. e5 d5 20. Nd6+ Bxd6 21.
exd6 Rg6 22. Rd3 Qa5 23. Qe3 c5 24. Ne2 d4 25. Qe4 Qb6 26. Nxd4 cxd4 27. Rb3 Bc6
28. Qf4 Qa5 29. d7+ Kxd7 30. Qxf7+ Kd6 31. Qxg6 Qg5+ 32. Qxg5 hxg5 33. Rd1 e5
34. Ra3 Bxg2 35. Rxa7 Bf3 36. Ra6+ Kd5 37. Re1 e4 38. Ra5+ Kc6 39. Rxg5 Rh8 40.
Re5 Rh1 41. Rxh1 1-0

[Event "37th ECC Open 2022"]
[Site "Mayrhofen AUT"]
[Date "2022.10.08"]
[Round "6.5"]
[Board "4"]
[White "Georgiadis, Ioannis"]
[Black "Asadli, Vugar"]
[Result "1/2-1/2"]
[WhiteTitle "IM"]
[BlackTitle "GM"]
[WhiteElo "2467"]
[BlackElo "2575"]
[WhiteTeam "Schachgesellschaft Riehen"]
[BlackTeam "Vugar Gashimov"]
[WhiteFideId "4208900"]
[BlackFideId "13405764"]
[EventDate "2022.10.03"]

1. e4 c5 2. Nf3 e6 3. d4 cxd4 4. Nxd4 Nf6 5. Nc3 Nc6 6. Ndb5 Bc5 7. Bf4 O-O 8.
Bc7 Qe7 9. Bd6 Bxd6 10. Qxd6 Qd8 11. O-O-O a6 12. Nd4 Ne7 13. a4 b5 14. axb5
axb5 15. Bxb5 Bb7 16. f3 Nc8 17. Qb4 Qc7 18. Kb1 d5 19. Nb3 Na7 20. Qc5 Qb8 21.
Rhe1 Rc8 22. Qb6 Nxb5 23. Qxb5 Qa7 24. Rd4 Ba6 25. Qa5 e5 26. Ra4 Qf2 27. Rc1
dxe4 28. fxe4 Bb7 29. Qb4 Rxa4 30. Qxa4 Qxg2 31. Re1 h5 32. Qb4 Ba8 33. Re2 Qg1+
34. Nc1 Bc6 35. Qa5 Re8 36. Nd5 Nxd5 37. exd5 Ra8 38. Qd2 Qa7 39. c4 Qa1+ 40.
Kc2 Ba4+ 41. b3 Bxb3+ 42. Nxb3 Ra2+ 43. Kd3 Ra3 44. Qb2 Qd1+ 45. Kc3 Rxb3+ 46.
Qxb3 Qxe2 47. c5 e4 48. c6 Qd3+ 49. Kb4 Qd4+ 50. Qc4 Qb6+ 51. Ka4 Qa7+ 52. Kb5
Qb8+ 53. Kc5 e3 54. d6 Qa7+ 55. Kd5 Qa5+ 56. Ke4 e2 57. Qxe2 Qb4+ 58. Kd5 Qa5+
59. Ke4 Qb4+ 60. Kd5 1/2-1/2

[Event "37th ECC Open 2022"]
[Site "Mayrhofen AUT"]
[Date "2022.10.08"]
[Round "6.5"]
[Board "5"]
[White "Ahmadzada, Ahmad"]
[Black "Cvitan, Ognjen"]
[Result "1-0"]
[WhiteTitle "IM"]
[BlackTitle "GM"]
[WhiteElo "2488"]
[BlackElo "2446"]
[WhiteTeam "Vugar Gashimov"]
[BlackTeam "Schachgesellschaft Riehen"]
[WhiteFideId "13413007"]
[BlackFideId "14500086"]
[EventDate "2022.10.03"]

1. e4 c5 2. Nf3 d6 3. d4 cxd4 4. Nxd4 Nf6 5. Nc3 a6 6. Be3 e5 7. Nf3 Be7 8. Bc4
Be6 9. Bxe6 fxe6 10. Ng5 Qd7 11. Qf3 Nc6 12. Qh3 Nd8 13. Bb6 h6 14. a3 O-O 15.
Bxd8 hxg5 16. Bxe7 Qxe7 17. Qe3 Nd7 18. O-O Rac8 19. Rfd1 Rc6 20. a4 Nb6 21. Rd3
Nc4 22. Qc1 Qc7 23. Ra2 Qb6 24. Nd1 Rf4 25. b3 Rxe4 26. Nc3 Rf4 27. Qe1 Na5 28.
g3 Rf5 29. Nd1 d5 30. Ne3 Rf8 31. Ng4 e4 32. Rd1 Rc7 33. Qd2 Rcf7 34. c4 dxc4
35. Qxg5 cxb3 36. Nh6+ Kh7 37. Nxf7 bxa2 38. Qh5+ Kg8 39. Ng5 Qxf2+ 40. Kh1 Qf1+
41. Rxf1 Rxf1+ 42. Kg2 1-0

[Event "37th ECC Open 2022"]
[Site "Mayrhofen AUT"]
[Date "2022.10.08"]
[Round "6.5"]
[Board "6"]
[White "Haag, Gregor"]
[Black "Babazada, Khazar"]
[Result "0-1"]
[BlackTitle "IM"]
[WhiteElo "2316"]
[BlackElo "2463"]
[WhiteTeam "Schachgesellschaft Riehen"]
[BlackTeam "Vugar Gashimov"]
[WhiteFideId "24680931"]
[BlackFideId "13413554"]
[EventDate "2022.10.03"]

1. d4 Nf6 2. c4 e6 3. Nf3 d5 4. Nc3 Nbd7 5. Bg5 c6 6. e3 Qa5 7. cxd5 Nxd5 8. Qd2
Bb4 9. Rc1 Nxc3 10. bxc3 Ba3 11. Rb1 b6 12. Bd3 Ba6 13. O-O Bxd3 14. Qxd3 O-O
15. e4 h6 16. e5 c5 17. Bd2 Qa4 18. Rfe1 cxd4 19. cxd4 Rfc8 20. Qe4 Qc2 21. Qg4
Qg6 22. Qxg6 fxg6 23. Bb4 Bxb4 24. Rxb4 Rc2 25. a4 Rac8 26. a5 Ra2 27. d5 Rxa5
28. dxe6 Nc5 29. Rg4 Kh7 30. e7 Re8 31. Nd4 Ra4 32. h3 h5 33. Rf4 Rxe7 34. Nc6
Rxf4 35. Nxe7 Ne6 36. Nc6 a6 37. Rd1 Rc4 38. Rd6 Ng5 39. f3 Nf7 40. Re6 a5 41.
Ne7 a4 42. Rxb6 Nxe5 43. Ra6 h4 44. Nd5 Nd3 45. Ra7 g5 46. Nf6+ Kh6 47. Ne4 Rc1+
48. Kh2 Rc2 49. Ra6+ g6 50. Ra7 Ne1 51. Kg1 Nxg2 52. Nf2 Ne3 53. Rxa4 Kg7 54.
Ne4 Rc1+ 55. Kf2 Nd1+ 56. Ke2 Nc3+ 57. Kd2 Nxa4 58. Kxc1 Kf7 59. Kd2 Ke6 60. Ke3
Nb6 61. Nxg5+ Kf5 62. Ne4 Nd5+ 63. Kf2 Nf4 64. Nc3 Nxh3+ 65. Kg2 Nf4+ 66. Kf2
Ke5 67. Ne4 Ne6 68. Kg2 Kf4 69. Nf6 Kf5 70. Ne4 Ng5 71. Nxg5 Kxg5 72. Kh3 Kf5 0-1

[Event "37th ECC Open 2022"]
[Site "Mayrhofen AUT"]
[Date "2022.10.08"]
[Round "6.6"]
[Board "1"]
[White "Anand, Viswanathan"]
[Black "Korobov, Anton"]
[Result "1/2-1/2"]
[WhiteTitle "GM"]
[BlackTitle "GM"]
[WhiteElo "2756"]
[BlackElo "2672"]
[WhiteTeam "CSU ASE Superbet"]
[BlackTeam "Silla - València Origin of Chess"]
[WhiteFideId "5000017"]
[BlackFideId "14105730"]
[EventDate "2022.10.03"]

1. e4 e6 2. d4 d5 3. e5 c5 4. c3 Nc6 5. Nf3 Qb6 6. a3 f6 7. Bd3 fxe5 8. dxe5 c4
9. Bc2 g6 10. Qe2 Bg7 11. Be3 Qc7 12. Bf4 Nge7 13. Nbd2 O-O 14. g3 b5 15. h4 h5
16. Bg5 Nf5 17. O-O Bb7 18. Rae1 d4 19. Bxf5 Rxf5 20. cxd4 Raf8 21. Bf6 Bxf6 22.
exf6 R8xf6 23. d5 exd5 24. Qe8+ Kg7 25. Nd4 Re5 26. Nxb5 Rxe8 27. Nxc7 Rxe1 28.
Rxe1 Kf7 29. Re8 Nd4 30. Rd8 Ne2+ 31. Kf1 Nxg3+ 32. Ke1 Nf5 33. Nxd5 Re6+ 34.
Kf1 Ba6 35. Nf3 Rd6 36. Ng5+ Kg7 37. Rxd6 Nxd6 38. Kg2 Bb7 39. Ne6+ Kh6 40. Nc7
c3 41. bxc3 Nc4 42. Kg3 Nxa3 43. Ne3 a5 44. c4 a4 45. Kf4 Nb1 46. Nb5 a3 47. Nc2
a2 48. c5 Ba6 49. Nbd4 Na3 50. Na1 Nb5 51. Ndc2 Nc3 52. c6 Bc8 53. Nd4 g5+ 54.
hxg5+ Kg6 55. Nf3 Nd5+ 56. Kg3 Ne7 57. c7 Nf5+ 58. Kf4 h4 59. Nxh4+ Nxh4 60. Ke3
Be6 61. Kd2 Nf3+ 62. Kc3 Ne1 63. Kd2 Ng2 64. Kc3 Nf4 65. Nc2 Kxg5 66. Kb2 Nd3+
67. Ka1 1/2-1/2

[Event "37th ECC Open 2022"]
[Site "Mayrhofen AUT"]
[Date "2022.10.08"]
[Round "6.6"]
[Board "2"]
[White "Santos Latasa, Jaime"]
[Black "Rapport, Richard"]
[Result "1/2-1/2"]
[WhiteTitle "GM"]
[BlackTitle "GM"]
[WhiteElo "2677"]
[BlackElo "2754"]
[WhiteTeam "Silla - València Origin of Chess"]
[BlackTeam "CSU ASE Superbet"]
[WhiteFideId "2293307"]
[BlackFideId "738590"]
[EventDate "2022.10.03"]

1. e4 e6 2. d4 d5 3. Nc3 Bb4 4. e5 c5 5. a3 Bxc3+ 6. bxc3 Nc6 7. Qg4 g6 8. h4 h6
9. Qf4 Qa5 10. Bd2 c4 11. a4 Bd7 12. Be2 Rh7 13. Nf3 O-O-O 14. O-O Re8 15. Rfb1
Kb8 16. Rb5 Qd8 17. g3 Ka8 18. Rbb1 Rf8 19. Qe3 Nge7 20. Bf1 Nf5 21. Qe2 f6 22.
exf6 Qxf6 23. Bg2 g5 24. hxg5 hxg5 25. Bxg5 Qg6 26. Bf4 Nh4 27. Ne5 Nxe5 28.
Qxe5 Nxg2 29. Rxb7 Nxf4 30. Rxa7+ Kxa7 31. Qc7+ Ka6 32. Qd6+ Ka7 33. Qc7+ Ka6
34. Qd6+ Ka7 35. Qc7+ 1/2-1/2